| 000 | 01086nam a2200241 a 4500 | ||
|---|---|---|---|
| 001 | BRCA_7292 | ||
| 005 | 20190320205801.0 | ||
| 008 | 030412s2009----ag-#######---#000-0#eng-# | ||
| 020 | _a9783922912651 | ||
| 050 | 4 |
_aNK8250 _b.F67 2009 |
|
| 100 | 1 |
_aForschler-Tarrasch, Anne _918046 |
|
| 245 | 1 | 0 |
_aEuropean Cast Iron in the Birmingham Museum of Art _bThe Gustav Lamprecht and Maurice Garbáty Collections = Europäischer Eisenkunstguss im Birmingham Museum of Art : Die Sammlungen von Gustav Lamprecht und von Maurice Garbáty _cAnne Forschler-Tarrasch. |
| 260 |
_aBirmingham _bBirmingham Museum of Art _c2009 |
||
| 300 |
_a384 p. _bil. _c26 cm. |
||
| 500 | _aIncluye índice alfabético | ||
| 546 | _aTexto en: inglés y alemán | ||
| 600 | 1 | 4 |
_aLamprecht, Gustav _918047 |
| 600 | 1 | 4 |
_aGarbáty, Maurice _918048 |
| 610 | 2 | 4 |
_aBirmingham Museum of Art _xColecciones de arte _918049 |
| 650 | 1 | 4 |
_aTrabajos en hierro _vCatálogos _918050 |
| 740 | 0 | _aEuropäischer Eisenkunstguss im Birmingham Museum of Art : Die Sammlungen von Gustav Lamprecht und von Maurice Garbáty | |
| 942 |
_2lcc _cB |
||
| 999 |
_c6969 _d6969 |
||